000 00558nam a22002297a 4500
003 UA-OsUOA
001 62452
007 ta
008 20090828b un ||||| |||| 00| 0 ukr d
100 _aАбрикосов О. О.
090 _a741.02
_bА16
942 _cBK
040 _aUA-OsUOA
_brus
_cUA-OsUOA
_dUA-OsUOA
245 _aКреслення
300 _a129 с.
955 _a2
041 _arus
080 _a741.02
260 _aК.
_c1958
650 7 _a741 Малювання та креслення в цілому
_2UDC
999 _c348542
_d348542